000 00642nam a2200241Ia 4500
005 20260429111928.0
008 260429s9999||||xx |||||||||||||| ||und||
020 _a9789395696098
041 _aEnglish
082 _a341.756
_bBHA
100 _aBhat B., Sandeepa
245 0 _aHandbook on international aviation law /
_cSandeepa Bhat B.
250 _a1st ed.
260 _aBangalore :
_bThomson Reuters,
_c2023.
300 _axiv, 248 p.; hb
650 _a Air law
650 _a International law
650 _a Transport law
650 _aAviation law
700 _a Ukey, Dilip
700 _a Variath, Adithya
942 _cTB
999 _c51477
_d51477